Backloggd Top 25 Games - Statistics

General Stats
  • This quiz has been taken 12 times
  • The average score is 13 of 25
Answer Stats
# Year Developer Game % Correct
13 2015 FromSoftware Bloodborne
100%
21 2011 Valve Portal 2
100%
5 2018 Rockstar Games Red Dead Redemption 2
100%
2 2025 Sandfall Interactive Clair Obscur: Expedition 33
86%
1 2023 Larian Studios Baldur's Gate 3
86%
15 2022 FromSoftware Elden Ring
86%
12 2025* tobyfox Deltarune
71%
11 2025 Team Cherry Hollow Knight: Silksong
71%
4 2004 Konami Computer Entertainment Japan Metal Gear Solid 3: Snake Eater
71%
6 2019 Mobius Digital Outer Wilds
71%
7 2019 ZA/UM Disco Elysium
57%
10 2020 Valve Half-Life: Alyx
57%
14 2025 Warhorse Studios Kingdom Come: Deliverance II
57%
19 2019 FromSoftware Sekiro: Shadows Die Twice
57%
22 2023 Remedy Entertainment Alan Wake 2
43%
16 2024 Team Asobi Astro Bot
43%
23 2000 Nintendo EAD The Legend of Zelda: Majora's Mask
43%
17 1995 Square Chrono Trigger
29%
18 2001 Konami Computer Entertainment Japan Metal Gear Solid 2: Sons of Liberty
29%
8 2006 HAL Laboratory Mother 3
29%
3 2001 Team Silent Silent Hill 2
29%
25 2011 Capcom Ace Attorney Investigations 2: Prosecutor's Gambit
0%
24 2010 Capcom Ghost Trick: Phantom Detective
0%
9 2017 Capcom The Great Ace Attorney 2: Resolve
0%
20 2016 Aquaplus Utawarerumono: Mask of Truth
0%
No matching quizzes found
Score Distribution
Percent of People with Each Score
Percentile by Number Answered
Your Score History
You have not taken this quiz